Statistics for Aaron's Geography True or False

Click here to take the quiz!

General Stats

  • This quiz has been taken 880 times
    (64 since last reset)
  • The average score is 10 of 15

Answer Stats

QuestionAnswer% Correct
More than 80 % of Australians live within the coastal zonesTrue
96%
Denmark and Sweden are connected via a bridgeTrue
89%
The United Kingdom is about the same size as France (in Europe)False
85%
By the year 2026, India is projected to surpass China in populationTrue
82%
There are more countries in Africa than AsiaTrue
80%
The United States receives more international tourists than any countryFalse
76%
There is parts of Antarctica no sovereign nation claimsTrue
75%
Havana is located on the southern coast of CubaFalse
69%
Monaco and Nunavut have around the same populationTrue
67%
Lake Maracaibo is South America's largest lakeFalse
65%
Israel borders the Red SeaTrue
65%
The ten longest rivers in Peru all flow into the Atlantic Ocean, not the PacificTrue
51%
The point where the Equator and the Prime Meridian meet is located in GhanaFalse
49%
Yoruba, Hausa and Igbo are the "official languages" of NigeriaFalse
29%
Cape of Good Hope is the southernmost point in AfricaFalse
20%

Score Distribution

Percentile by Number Answered

Percent of People with Each Score

Your Score History

You have not taken this quiz since the last reset